00811nam a2200253Ia 450000500170000000800390001702000150005604100080007110000390007924500460011825000260016426400320019030000410022233600270026333700330029033800280032350400420035152100300039365000320042365000310045565000250048604000350051108400110054620220316235226.0121119s2003 ck a er 000 pdspa a95890125580 aspa1 aJaramillo Agudelo, Darío,d1947-10aPoemas de amorcDarío Jaramillo Agudelo aOnceava reimpresión 1aBogotábEl Áncorac2003 a106 páginasbilustracionesc22 cm. atextobtxt2rdacontent asin mediaciónbn2rdamedia avolumenbnc2rdacarrier aIncluye datos biográficos del autor1 aRecomendado para adultos.142LEMBaLiteratura colombiana142LEMBaPoesía Colombiana 142LEMBaAmorvPoesía aCO-BoRNBPbspaerdacCO-BoRNBP aP JAR1